[Event "June 2011 Summer Chess"]
[Site "SchemingMind.com"]
[Date "2011.07.16"]
[Round "-"]
[White "cnile"]
[Black "ramesse"]
[Result "0-1"]
[WhiteCountry "SCO"]
[BlackCountry "SVK"]
[WhiteElo "1448"]
[WhiteRD "61"]
[BlackElo "2043"]
[BlackRD "70"]
[GameID "288816"]

1. d4 d5 2. Nf3 Nf6 3. c4 e6 4. Bg5 Be7 5. e3 O-O 6. Bd3 dxc4 7. Bxc4 c5 8. O-O cxd4 9. Nxd4 Qa5 10. Bh4 Bd7
11. Nc3 Nc6 12. Bxf6 Bxf6 13. Rc1 Nxd4 14. exd4 Bc6 15. Bb3 Rad8 16. Qg4 Rxd4 17. Qg3 Be5 18. Qe3 Rg4 19. f3 Bd4 20. Qxd4 Rxd4
21. Bc2 Rd2 22. Ne4 Bxe4 23. fxe4 Qg5 24. Rf2 Rxf2 25. Kxf2 Qxc1 26. Kg3 g5 27. Kh3 Qxc2
0-1

[Event "June 2011 Summer Chess"]
[Site "SchemingMind.com"]
[Date "2011.07.16"]
[Round "-"]
[White "cnile"]
[Black "pclaxton"]
[Result "1-0"]
[WhiteCountry "SCO"]
[BlackCountry "ENG"]
[WhiteElo "1483"]
[WhiteRD "65"]
[BlackElo "1253"]
[BlackRD "63"]
[GameID "288817"]

1. d4 d5 2. Nf3 f5 3. c4 e6 4. g3 Nf6 5. Bg2 Bb4+ 6. Bd2 Bxd2+ 7. Nbxd2 O-O 8. O-O Qd6 9. c5 Qe7 10. Re1 Ng4
11. h3 c6 12. hxg4 fxg4 13. Ne5 Qf6 14. e3 Qxf2+ 15. Kh2 Nd7 16. Nf1 Nxe5 17. dxe5 Rf5 18. Qxg4 h5 19. Qg6 Rxe5 20. e4 dxe4
21. Rad1 Rd5 22. Qe8+ Kh7 23. Rxe4 Rxd1 24. Qxh5+ Kg8 25. Qe8+ Kh7 26. Rh4#
1-0

[Event "June 2011 Summer Chess"]
[Site "SchemingMind.com"]
[Date "2011.07.20"]
[Round "-"]
[White "Shanks"]
[Black "cnile"]
[Result "1-0"]
[WhiteCountry "ENG"]
[BlackCountry "SCO"]
[WhiteElo "1370"]
[WhiteRD "64"]
[BlackElo "1446"]
[BlackRD "61"]
[GameID "288818"]

1. g3 d5 2. d4 e6 3. Bg2 Nf6 4. c3 Be7 5. e3 Bd7 6. Nd2 O-O 7. Ngf3 c5 8. Ne5 Nc6 9. Nxd7 Qxd7 10. dxc5 Bxc5
11. Nb3 Bb6 12. O-O Bc7 13. Nd4 Rfd8 14. Nb5 Ne5 15. Nxc7 Qxc7 16. Qc2 Nc4 17. b3 Nd6 18. Bb2 Nde4 19. Rad1 Rac8 20. f3 Nxc3
21. Bxc3 Qxc3 22. Qxc3 Rxc3 23. Rfe1 e5 24. b4 h6 25. a4 e4 26. fxe4 Rcc8 27. exd5 Rc4 28. d6 Rxb4 29. a5 b6 30. axb6 axb6
31. e4 Rd7 32. e5 Ne8 33. e6 Rxd6 34. exf7+ Kf8 35. fxe8=Q#
1-0

[Event "June 2011 Summer Chess"]
[Site "SchemingMind.com"]
[Date "2011.07.17"]
[Round "-"]
[White "maro"]
[Black "cnile"]
[Result "1-0"]
[WhiteCountry "MEX"]
[BlackCountry "SCO"]
[WhiteElo "1358"]
[WhiteRD "51"]
[BlackElo "1448"]
[BlackRD "61"]
[GameID "288819"]

1. e4 e5 2. d4 exd4 3. Qxd4 Nc6 4. Qe3 Qf6 5. Bc4 Be7 6. Nc3 Nh6 7. Nd5 Qe5 8. f4 Qd4 9. Nxc7+ Kf8 10. Qxd4 Nxd4
11. Bd3 Rb8 12. Be3 Ne6 13. Nd5 b6 14. f5 Nc5 15. Nxe7 Kxe7 16. Bf4 Ng4 17. Bxb8 Bb7 18. h3 Rxb8 19. hxg4 Re8 20. O-O-O Kf8
21. Rxh7 Kg8 22. Rh4 Nxe4 23. Bxe4 Bxe4 24. Rxd7 a6 25. g3 Rc8 26. c3 a5 27. Ne2 Bf3 28. Kd1
1-0

[Event "June 2011 Summer Chess"]
[Site "SchemingMind.com"]
[Date "2011.07.16"]
[Round "-"]
[White "Timaeus"]
[Black "cnile"]
[Result "1-0"]
[WhiteCountry "JPN"]
[BlackCountry "SCO"]
[WhiteElo "1494"]
[WhiteRD "68"]
[BlackElo "1446"]
[BlackRD "61"]
[GameID "288820"]

1. c4 e5 2. d4 exd4 3. Qxd4 Nc6 4. Qd3 Nf6 5. Qe3+ Be7 6. Nf3 O-O 7. g3 Re8 8. Bd2 Bb4 9. Qg5 Ne4 10. Qxd8 Rxd8
11. a3 Bxd2+ 12. Nfxd2 Nf6 13. e4 Re8 14. Bd3 d6 15. O-O Bh3 16. Re1 Ne5 17. Bf1 Bxf1 18. Kxf1 Nd3 19. Re3 Ne5 20. Nc3 c6
21. b4 Rad8 22. h3 Ng6 23. Nf3 Ne5 24. Nd2 a6 25. Kg2 b5 26. cxb5 axb5 27. Rc1 Ra8 28. f4 Ned7 29. Ncb1 d5 30. e5 Rad8
31. Rxc6 Ne4 32. Nxe4 Rc8 33. Rxc8 Rxc8 34. Nd6 Rc2+ 35. Kf3 Rc1 36. Nd2 Rh1 37. Kg2 Rc1 38. Nxb5 g6 39. Nd4 Rd1 40. N2f3
1-0

[Event "June 2011 Summer Chess"]
[Site "SchemingMind.com"]
[Date "2011.07.16"]
[Round "-"]
[White "tom claxton"]
[Black "cnile"]
[Result "1/2-1/2"]
[WhiteCountry "ENG"]
[BlackCountry "SCO"]
[WhiteElo "1416"]
[WhiteRD "81"]
[BlackElo "1446"]
[BlackRD "61"]
[GameID "288821"]

1. d4 d5 2. Nc3 Nf6 3. Bg5 e6 4. Bxf6 Qxf6 5. e4 Bb4 6. e5 Qe7 7. Ne2 c5 8. a3 Ba5 9. Qd3 Nc6 10. O-O-O Bd7
11. g3 cxd4 12. Nxd4 Rc8 13. Ncb5 Nxe5 14. Qb3 Bb6 15. f4 Ng4 16. Bh3 Nf2 17. Bg2 Nxh1 18. Bxh1 O-O 19. Bf3 a6 20. Nc3 Rfd8
21. Nde2 Qf6 22. Rd3 Bc6 23. Rd2 d4 24. Ne4 Ba5 25. Rd3 Bxe4 26. Bxe4 Qh6 27. h4 Qh5 28. Ng1 Qc5 29. Bxb7 Rb8 30. Ne2 Rd7
31. Qa2 Rbxb7 32. b4 Bxb4 33. axb4 Rxb4 34. Qxa6 Ra7 35. Qa3 Rxa3 36. Rxa3 Rb1+ 37. Kxb1 Qb4+ 38. Ka2 Qc4+ 39. Kb2 g6 40. Nc1 Kg7
41. c3 dxc3+ 42. Rxc3 Qb4+ 43. Kc2 Qe4+ 44. Kb3 Qb1+ 45. Kc4 Qe4+ 46. Kb3 Qb1+ 47. Kc4 Qe4+ 48. Kb3 h5 49. Ka3 Qe1 50. Kb2 Qf2+
51. Kb3 Kf6 52. Kb4 Qb2+ 53. Kc4 Kf5 54. Nd3 Qa2+ 55. Kd4 Qd5+ 56. Ke3 Kg4 57. Ne5+ Kxg3 58. Nxf7 Qf3+ 59. Kd4 Qxc3+ 60. Kxc3 Kxf4
61. Kd2 e5 62. Ke2 Kg4 63. Nxe5+ Kxh4 64. Nxg6+ Kg5 65. Kf2 Kxg6 66. Kg3 Kg5 67. Kh3 Kh6 68. Kh4 Kg6 69. Kh3 Kg5 70. Kg3 h4+
71. Kh3=
1/2-1/2

[Event "June 2011 Summer Chess"]
[Site "SchemingMind.com"]
[Date "2011.07.16"]
[Round "-"]
[White "ramesse"]
[Black "cnile"]
[Result "1-0"]
[WhiteCountry "SVK"]
[BlackCountry "SCO"]
[WhiteElo "2043"]
[WhiteRD "70"]
[BlackElo "1448"]
[BlackRD "61"]
[GameID "288822"]

1. e4 e5 2. Nf3 Nf6 3. Nxe5 d6 4. Nf3 Nxe4 5. d4 d5 6. Bd3 Nc6 7. O-O Bd6 8. c4 Be6 9. cxd5 Bxd5 10. Bxe4 Bxe4
11. Re1 f5 12. Nc3 O-O 13. Qb3+ Kh8 14. Nxe4 fxe4 15. Rxe4 Qf6 16. Bg5 Qg6 17. Rae1 Rab8 18. d5 Ne5 19. Nxe5 Qxg5 20. Nd7 Qf5
21. Nxf8 Rxf8 22. f3 Qh5 23. g3 h6 24. f4 Qh3 25. Qxb7 a5 26. Re8 Rxe8 27. Rxe8+ Kh7 28. Qb5 Qh5 29. Qd3+ g6 30. Qd4 Qf3
31. Rh8#
1-0